000
00274nam a22001337a 4500
008
180131b xxu||||| |||| 00| 0 eng d
020
_a
06140653
041
_a
eng
080
_a
579
100
_a
11
101
_a
BIO
245
_a
MICROBIOLOGY
_c
DAVIS.D
942
_2
udc
_c
BK
999
_c
41412
_d
41412